Darfur ahora = Darfur Now /
Primer largometraje dirigido por el cineasta norteamericano Ted Braun, quien persigue abiertamente el objetivo de convocar a los espectadores a tomar una posición activa y detener el genocidio que ha sido perpetrado en el Conflicto de Darfur, región de Sudán, donde los miembros de Yanyauid o Janjawe...
Salvato in:
| Autore principale: | |
|---|---|
| Natura: | |
| Lingua: | inglese |
| Soggetti: | |
| Tags: |
Nessun Tag, puoi essere il primo ad aggiungerne!!
|
MARC
| LEADER | 00000ngm^a2200000^a^4500 | ||
|---|---|---|---|
| 001 | 000289046 | ||
| 005 | 20250521000000.0 | ||
| 009 | 20260310111927.833 | ||
| 037 | |a Acervo ITESO - Biblioteca | ||
| 041 | |a ING | ||
| 082 | |a 320. 962404 |b BRA | ||
| 100 | |a Braun, Ted |e (realización) | ||
| 245 | 1 | 0 | |a Darfur ahora = |b Darfur Now / |c Realización de T. Braun. |
| 264 | 2 | |a México : |b Warner Brothers [distribución], |c 2008, c2008 | |
| 300 | |a 1 DVD regiones 1 y 4 |c (97 min.) | ||
| 336 | |a imagen móvil bidimensional |b tdi |2 rdacontenido | ||
| 337 | |a video |b v |2 rdamedio | ||
| 338 | |a videodisco |b vd |2 rdasoporte | ||
| 520 | |a Primer largometraje dirigido por el cineasta norteamericano Ted Braun, quien persigue abiertamente el objetivo de convocar a los espectadores a tomar una posición activa y detener el genocidio que ha sido perpetrado en el Conflicto de Darfur, región de Sudán, donde los miembros de Yanyauid o Janjaweed, grupo militar de origen árabe, han cometido desde febrero de 2003 violaciones sistemáticas de los derechos humanos en contra de la población de raza negra. Braun recoge seis puntos de vista diferentes, tres al interior de Sudán y tres al exterior, sobre el problema: Don Cheadle es un galardonado actor afroamericano que usa su popularidad para atraer la atención pública hacia el Conflicto, el joven activista Adam Sterling presiona permanentemente al gobernador de California para que no sean invertidos recursos estatales en empresas con intereses en Sudán y el abogado argentino Luis Moreno-Ocampo es desde 2003 fiscal de la Corte Penal Internacional; Hejewa Adam es una muejr cuyo bebé fue golpeado por atacantes de Yanyauid hasta causarle la muerte y lucha ahora al lado del Movimiento de Liberación de Sudan, Ahmed Mohammed Abaka, un antiguo constructor y granjero, lidera un campo que acoge a casi 50 mil personas desplazadas de Darfur y Pablo Recalde encabeza el Programa Mundial de Alimentos en Darfur del Oeste. | ||
| 546 | |a En árabe, fur e inglés, con subtítulos opcionales: español, inglés, portugués | ||
| 546 | |a Doblaje opcional: portugués | ||
| 649 | |a XX | ||
| 650 | |a Documentales | ||
| 650 | |a Opera Prima | ||
| 650 | |a Cine Norteamericano - |y 2000-2009 | ||
| 650 | |a Cine Norteamericano - |y Siglo XXI | ||
| 650 | |a Sudán en el Cine | ||
| 650 | |a Genocidio - |z Darfur (Región), Sudán - |x Historia - |y 2000-2009 - |x Tema Principal | ||
| 650 | |a Genocidio - |z Darfur (Región), Sudán - |x Historia - |y Siglo XXI | ||
| 650 | |a Genocidio - |z Sudán - |x Historia - |y 2000-2009 | ||
| 650 | |a Genocidio - |z Sudán - |x Historia - |y Siglo XXI | ||
| 650 | |a Desplazamiento Forzado - |z Sudán - |x Historia | ||
| 650 | |a Guerra Civil - |z Sudán - |x Historia | ||
| 650 | |a Violencia Política - |z Sudán - |x Historia | ||
| 650 | |a Darfur (Región), Sudán - |x Condiciones Políticas | ||
| 650 | |a Política - |z Darfur (Región), Sudán - |x Historia - |y 2000-2009 | ||
| 650 | |a Política - |z Darfur (Región), Sudán - |x Historia - |y Siglo XXI | ||
| 650 | |a Sudán - |x Condiciones Políticas | ||
| 650 | |a Política - |z Sudán - |x Historia - |y 2000-2009 | ||
| 650 | |a Política - |z Sudán - |x Historia - |y Siglo XXI | ||
| 910 | |a Fondo General | ||
| 920 | |a Audiovisuales - DVDs | ||
| 940 | |a Películas | ||
| 905 | |a 302 | ||
| 901 | |a 0500175164 |b IT2 |c DVS |u 20250521 | ||
| 902 | |a https://opac.biblio.iteso.mx/vufind/Record/000289046 | ||